[Event "Somov Memorial 17th"]
[Site "Kirishi"]
[Date "2019.05.18"]
[Round "5"]
[White "Kirillov, Dmitry1111"]
[Black "Pecherskiy, Timofey"]
[Result "1/2-1/2"]
[WhiteElo "2174"]
[BlackElo "1474"]
[PlyCount "86"]
[EventDate "2019.05.16"]
[EventType "tourn"]
[EventRounds "11"]
[EventCountry "RUS"]
[SourceTitle "CBM 190 Extra"]
[Source "ChessBase"]
[SourceDate "2019.07.15"]
[SourceVersion "1"]
[SourceVersionDate "2019.07.15"]
[SourceQuality "1"]

1. e4 c6 2. d4 d5 3. exd5 cxd5 4. Nf3 Nc6 5. Ne5 Nf6 6. Bb5 Bd7 7. Nxd7 Qxd7 8. 0-0 e6 9. c3 Bd6 10. Nd2 Qc7 11. g3 0-0 12. Re1 a6 13. Bd3 Rfe8 14. Nf3 b5 15. Bg5 Nd7 16. a4 b4 17. c4 dxc4 18. Bxc4 Nb6 19. Bd3 Nd5 20. Rc1 Qb6 21. Bxh7+ Kxh7 22. Qc2+ Kg8 23. Qxc6 Rac8 24. Qxc8 Rxc8 25. Rxc8+ Kh7 26. Rec1 Bc7 27. R8xc7 Nxc7 28. Bd8 Qb7 29. Ng5+ Kg6 30. Rxc7 Qd5 31. Nxf7 Qxd4 32. h4 Qxb2 33. h5+ Kxh5 34. Ng5 Qa1+ 35. Kh2 b3 36. Nxe6 b2 37. Rxg7 Qd1 38. Nf4+ Kh6 39. Rg6+ Kh7 40. Rb6 b1Q 41. Rxb1 Qxb1 42. a5 Qf1 43. Bb6 Kh6 1/2-1/2

[Event "Somov Memorial 17th"]
[Site "Kirishi"]
[Date "2019.05.17"]
[Round "3"]
[White "Kuznetsov, Dmitriy A"]
[Black "Pecherskiy, Timofey"]
[Result "1/2-1/2"]
[WhiteElo "1515"]
[BlackElo "1474"]
[PlyCount "55"]
[EventDate "2019.05.16"]
[EventType "tourn"]
[EventRounds "11"]
[EventCountry "RUS"]
[SourceTitle "CBM 190 Extra"]
[Source "ChessBase"]
[SourceDate "2019.07.15"]
[SourceVersion "1"]
[SourceVersionDate "2019.07.15"]
[SourceQuality "1"]

1. e4 e5 2. Nf3 Nc6 3. Bc4 Bc5 4. d3 d6 5. Nc3 Bg4 6. Be3 Bb6 7. h3 Bxf3 8. Qxf3 Qf6 9. Nd5 Qxf3 10. gxf3 Nd4 11. Bxd4 exd4 12. Nxb6 axb6 13. Kd2 Ne7 14. Rag1 g6 15. a3 Nc6 16. Ke2 Ne5 17. Bb3 Nc6 18. h4 h6 19. f4 h5 20. Bd5 Rb8 21. Bxc6+ bxc6 22. Ra1 Kd7 23. Rhg1 Rhe8 24. f3 Ra8 25. Kd2 Ra5 26. Rg5 Rxg5 27. fxg5 d5 28. Rf1 1/2-1/2